Taylor Swift - How Did It End? Lyrics - Statistics

General Stats
  • This quiz has been taken 330 times
    329 since last reset
  • The average score is 190 of 228
Answer Stats
Answer % Correct
a
98%
We
98%
we
98%
D
96%
I
96%
it
96%
N
96%
did
95%
end?
95%
end?"
95%
end
95%
G
95%
How
95%
"How
95%
Our
95%
our
95%
The
95%
the
95%
Y
95%
He
94%
of
93%
was
93%
again
92%
all
92%
And
92%
and
92%
happenin'
92%
hear?
92%
in
92%
it's
92%
It's
92%
no
92%
one
92%
One
92%
to
92%
my
91%
My
91%
friends
90%
know
90%
me
90%
so
90%
this
89%
Come
88%
come
88%
except
87%
tell
87%
tree
87%
post
86%
you
86%
Sitting
85%
were
85%
Say
84%
Then
84%
then
84%
they
84%
They
84%
as
83%
can
83%
death
83%
ghost
83%
hunger
83%
We'll
83%
who
83%
with
83%
conduct
82%
must
82%
once
82%
beloved
81%
feeling
81%
leaving
81%
Leaving
81%
at
80%
hereby
80%
like
80%
Lost
79%
lost
79%
she
79%
could
78%
go
78%
not
78%
rattle
78%
that
78%
empathetic
77%
"Guess
77%
into
77%
mortem
77%
shops?
77%
their
77%
them
77%
breathing
76%
called
76%
Didn't
76%
off"
76%
are
75%
ran
75%
circles
74%
cousins
74%
soul
74%
husbands
73%
can't
72%
cure
72%
dreaming
72%
him
72%
Silenced
72%
trust
72%
what
72%
became
71%
descends
71%
home
71%
house
71%
such
71%
they'll
71%
Walking
71%
don't
70%
outdoorsman
70%
hot
69%
birthright
68%
'cause
68%
chance
68%
chances?
68%
flower
68%
game
68%
gasp
68%
reeling
68%
pretend
67%
calling
66%
foreign
66%
touch
66%
dances
65%
different
65%
Soon
65%
learned
64%
right
64%
steps
64%
deflation
61%
understand
61%
But
58%
maladies
56%
blind
55%
Smug
55%
still
55%
bereft
54%
circumstances
54%
fell
53%
glances
52%
victim
51%
feverishly
49%
unforeseen
44%
interlopers'
38%
No matching quizzes found
Score Distribution
Percent of People with Each Score
Percentile by Number Answered
Your Score History
You have not taken this quiz since the last reset